|
|
|
|
| LEADER |
00000nam0a2200000 4500 |
| 001 |
371505 |
| 005 |
20231102012403.0 |
| 035 |
|
|
|a (RuTPU)RU\TPU\retro\28915
|
| 090 |
|
|
|a 371505
|
| 100 |
|
|
|a 20221025d1978 km y0rusy50 ca
|
| 101 |
0 |
|
|a rus
|
| 102 |
|
|
|a RU
|
| 105 |
|
|
|a a z 001zy
|
| 200 |
1 |
|
|a Сопровождение движущихся целей
|f Ю. И. Фельдман, Ю. Б. Гидаспов, В. Н. Гомзин
|g под ред. Ю. И. Фельдмана
|
| 210 |
|
|
|a Москва
|c Советское радио
|d 1978
|
| 215 |
|
|
|a 288 с.
|c ил.
|
| 320 |
|
|
|a Библиогр.: с. 281-284
|
| 320 |
|
|
|a Предметный указатель: с. 285
|
| 320 |
|
|
|a Основные обозначения и сокращения: с. 6-8
|
| 606 |
1 |
|
|a Радиолокация движущихся целей
|2 stltpush
|3 (RuTPU)RU\TPU\subj\22838
|9 47525
|
| 610 |
1 |
|
|a движущиеся цели
|
| 610 |
1 |
|
|a сопровождение
|
| 610 |
1 |
|
|a физические принципы
|
| 610 |
1 |
|
|a сигналы
|
| 610 |
1 |
|
|a энергетические характеристики
|
| 610 |
1 |
|
|a спектральные характеристики
|
| 610 |
1 |
|
|a прохождение
|
| 610 |
1 |
|
|a помехи
|
| 610 |
1 |
|
|a шум
|
| 610 |
1 |
|
|a доплеровский сигнал
|
| 610 |
1 |
|
|a угловое сопровождение
|
| 610 |
1 |
|
|a точность
|
| 610 |
1 |
|
|a дальность
|
| 675 |
|
|
|a 621.396.967
|v 4
|
| 700 |
|
1 |
|a Фельдман
|b Ю. И.
|g Юда Исаакович
|
| 701 |
|
1 |
|a Гидаспов
|b Ю. Б.
|g Юрий Борисович
|
| 701 |
|
1 |
|a Гомзин
|b В. Н.
|g Вадим Николаевич
|
| 702 |
|
1 |
|a Фельдман
|b Ю. И.
|g Юда Исаакович
|4 340
|
| 801 |
|
1 |
|a RU
|b 63413507
|c 20221025
|
| 942 |
|
|
|c BK
|